| 000 | 00647nam a2200217Ia 4500 | ||
|---|---|---|---|
| 001 | 8358 | ||
| 003 | GE_BSU | ||
| 008 | 181216s||||||||xx |||||||||||||| ||und|| | ||
| 040 | _cGE_BSU | ||
| 245 | _aУспехи геронтологии №3 2013 том 26 | ||
| 245 | _bAdvances in gerontology | ||
| 245 | _cгл. ред. В.Н. Анисимов и др. | ||
| 260 | _aСанкт-Петербург | ||
| 260 | _bЭскулап. | ||
| 260 | _c2013 | ||
| 300 | _a574ст;29см. | ||
| 653 | _aПериодика | ||
| 653 | _aУспехи геронтологии №3 2013 том 26 | ||
| 653 | _aპერიოდიკა | ||
| 942 | _cCR | ||
| 999 |
_c41683 _d41683 |
||